| 000 | 00880nam a2200229 a 4500 | ||
|---|---|---|---|
| 001 | 001097191 | ||
| 003 | AM-YeHGA | ||
| 005 | 20250617161056.0 | ||
| 008 | 150819s1964 ||||||||r|||||000|0|rus|d | ||
| 040 | _aAM-YeHGA | ||
| 041 | 0 | _arus | |
| 100 | 1 | _aРейнберг, С.А. | |
| 245 | 1 | 0 |
_aРентгенодиагностика заболеваний костей и суставов / _cС.А. Рейнберг. |
| 250 | _a4-е изд., испр. и доп. | ||
| 260 |
_aМосква : _bМедицина, _c1964 -. |
||
| 300 |
_aТ. ; _c26 см. |
||
| 505 | 0 |
_gТ. 1 (1964, 530 с., ил. ; Библиогр. в конце глав) _gТ. 2 (1964, 572 с., ил. ; Библиогр. в конце глав) |
|
| 650 | 1 | 4 | _aСуставов болезни |
| 650 | 1 | 4 | _aКостей болезни |
| 650 | 1 | 4 | _aРентгенодиагностика |
| 090 | _c468272 | ||
| 999 |
_c465075 _d465075 |
||